Представление документа в формате MARC21

Поле Инд. ПП Название Значение
Тип записи a
Библиографический уровень m
001 Контрольный номер RU/IS/BASE/382023517
005 Дата корректировки 20220805121051.5
040 b Код языка каталог. rus
041 0_ a Код языка текста rus
080 a Индекс УДК 004.42
084 a Индекс другой классификации/Индекс ББК 32.973.26-018.2
090 a Полочн. индекс 681.3
c Каталожный индекс 681.3
x Авторский знак П78
097 b Оператор 11
245 10 a Заглавие Программа курса "Введение в программирование для ЭЦВМ" для высших учебных заведений по специальности 0646 "Автоматизированные системы управления"
c Ответственность Министерство высшего и среднего специального образования СССР
260 a Место издания М.
b Издательство [б. и.]
c Дата издания 1971
300 a Объем 5 с.
510 a Примечание о ссылках Книги и методические пособия
650 a Основная рубрика 50.05 Теоретические основы программирования
x Основная подрубрика 50.05.03 Общетеоретические вопросы программирования
653 a Ключевые слова цифровые вычислительные машины; программирование
901 t Тип документа m